धर्म क्षेत्र कुरु क्षेत्र / (Record no. 119916)
[ view plain ]
| 000 -LEADER | |
|---|---|
| fixed length control field | 01036nam a22002537a 4500 |
| 005 - DATE AND TIME OF LATEST TRANSACTION | |
| control field | 20170124103150.0 |
| 010 ## - LIBRARY OF CONGRESS CONTROL NUMBER | |
| LC control number | B-044160 |
| 020 ## - INTERNATIONAL STANDARD BOOK NUMBER | |
| Terms of availability | 100.00 |
| International Standard Book Number | 81732510012 |
| 035 ## - SYSTEM CONTROL NUMBER | |
| System control number | B-044160 |
| 037 ## - SOURCE OF ACQUISITION | |
| Source of stock number/acquisition | Cen Lib/Ret |
| 040 ## - CATALOGING SOURCE | |
| Original cataloging agency | DPL |
| Language of cataloging | HN |
| 082 ## - DEWEY DECIMAL CLASSIFICATION NUMBER | |
| Classification number | 181.45 |
| Item number | शर्मागो |
| 100 ## - MAIN ENTRY--PERSONAL NAME | |
| Personal name | शर्मा, गोविन्द प्रसाद |
| 9 (RLIN) | 44807 |
| 245 ## - TITLE STATEMENT | |
| Title | धर्म क्षेत्र कुरु क्षेत्र / |
| Statement of responsibility, etc | गोविन्द प्रसाद शर्मा |
| 246 ## - VARYING FORM OF TITLE | |
| Title proper/short title | Dharamshetr kurushetr |
| Remainder of title | by Govind Prasad Sharma |
| 260 ## - PUBLICATION, DISTRIBUTION, ETC. (IMPRINT) | |
| Place of publication, distribution, etc | लखनऊ |
| Name of publisher, distributor, etc | भारत प्रकाशन |
| Date of publication, distribution, etc | 2000 |
| 270 ## - ADDRESS | |
| Address | 17, अशोक मार्ग |
| City | लखनऊ |
| Postal code | 226001 |
| 300 ## - PHYSICAL DESCRIPTION | |
| Extent | 109पृष्ठ. |
| Dimensions | 20सेमी(सजिल्द) |
| 650 ## - SUBJECT ADDED ENTRY--TOPICAL TERM | |
| Topical term or geographic name as entry element | दर्शन शास्त्र |
| 9 (RLIN) | 87609 |
| 650 ## - SUBJECT ADDED ENTRY--TOPICAL TERM | |
| Topical term or geographic name as entry element | जीवन दर्शन |
| 9 (RLIN) | 34 |
| 650 ## - SUBJECT ADDED ENTRY--TOPICAL TERM | |
| Topical term or geographic name as entry element | Philosophy |
| 9 (RLIN) | 87610 |
| 650 ## - SUBJECT ADDED ENTRY--TOPICAL TERM | |
| Topical term or geographic name as entry element | the TE |
| 9 (RLIN) | 87611 |
| 942 ## - ADDED ENTRY ELEMENTS (KOHA) | |
| Source of classification or shelving scheme | Dewey Decimal Classification |
| Koha item type | Hindi Books |
| Classification part | 181.45 |
| Call number suffix | शर्मागो |
| Withdrawn status | Lost status | Damaged status | Not for loan | Home library | Current library | Date acquired | Source of acquisition | Cost, normal purchase price | Total Checkouts | Full call number | Barcode | Date last seen | Copy number | Cost, replacement price | Price effective from | Koha item type | Public note |
|---|---|---|---|---|---|---|---|---|---|---|---|---|---|---|---|---|---|
| Written off | Central Library | Central Library | 19/09/2015 | Cen Lib/Ret | 100.00 | 181.45 शर्मागो | B-044160 | 19/09/2015 | 1 | 100.00 | 19/09/2015 | Hindi Books | Written off on approval by DLB (By Circulation); dtd 15-06-2023 |
